Studies on protective systems for natural rubber vulcanisates against ozones attack (Record no. 69646)

MARC details
000 -LEADER
fixed length control field 00429nam a2200133Ia 4500
100 ## - MAIN ENTRY--AUTHOR NAME
Personal name Sebastian M S
245 #0 - TITLE STATEMENT
Title Studies on protective systems for natural rubber vulcanisates against ozones attack
260 ## - PUBLICATION, DISTRIBUTION, ETC. (IMPRINT)
Name of publisher Presented in the sixth symposium of Plantation Crops, 1984, RRII, Kottayam
Year of publication 1984
700 ## - ADDED ENTRY--PERSONAL NAME
Personal name Alex R
700 ## - ADDED ENTRY--PERSONAL NAME
Personal name Mani K T
700 ## - ADDED ENTRY--PERSONAL NAME
Personal name Thomas E V
942 ## - ADDED ENTRY ELEMENTS (KOHA)
Koha item type Journals
Holdings
Withdrawn status Lost status Damaged status Not for loan Home library Current library Date acquired Koha item type
      Journals RRII Library RRII Library 17/12/2021 Journals